| 000 | 00995cam a22002531a 4500 | ||
|---|---|---|---|
| 001 | 284 | ||
| 003 | BR-CuiBMT | ||
| 005 | 20231113234824.0 | ||
| 008 | 230919s2010 mgba 000 0 por d | ||
| 020 | _a9788577003679 | ||
| 040 |
_aBR-CuiBMT _cBR-CuiBMT |
||
| 080 |
_22007 _a342.7 |
||
| 090 |
_a342.7 _bD598 |
||
| 245 | 0 | 0 |
_aDireitos fundamentais em construção : _bestudos em homenagem ao Ministro Carlos Ayres Britto / _cMárcia Rodrigues Bertoldi, Kátia Cristine Santos de Oliveira, coordenadores ; prefácio Valmir Pontes Filho ; [autores Carlos Augusto Alcântara Machado ... et al.]. |
| 260 |
_aBelo Horizonte : _bFórum, _c2010. |
||
| 300 |
_a440 p. : _bil. ; _c24 cm |
||
| 504 | _aInclui bibliografia. | ||
| 650 |
_aDireitos fundamentais _zBrasil |
||
| 650 |
_aDignidade (Direito) _zBrasil |
||
| 700 | 1 |
_aBertoldi, Márcia Rodrigues _4coord. |
|
| 700 | 1 |
_aOliveira, Kátia Cristine Santos de _4coord. |
|
| 700 | 1 |
_aMachado, Carlos Augusto Alcântara _eet al. _eautores |
|
| 942 |
_2udc _cLV |
||
| 999 |
_c284 _d284 |
||